000 00524cam a22001577a 4500
008 180718b2002 xxu||||| |||| 00| 0 eng d
020 _a8170337097
082 _aB12431x54 In2
100 _aDevi, V. Indira
245 _aSecularisation of Indian mind: a study of political ideas in India from 1885 to 1914
_cby V. Indira Devi
260 _aJaipur
_bRawat
_c2002
300 _a314p.
650 _aSocial movements --India.
650 _aHinduism and social problems --India
650 _aReligion and social problems --India
999 _c399341
_d399341